Identify the Northern California city by its highways Quiz Stats

 Plays Quiz not verified by Sporcle

Challenge
Share
Tweet
Embed
Score 0/32 Timer 10:00
0 Plays Today
% Correct
Redding
58.8%
Fort Bragg
58.8%
Crescent City
50%
Willits
50%
Leggett
50%
Chico
44.1%
Weaverville
41.2%
Weed
38.2%
Yreka
38.2%
Susanville
32.4%
Sierraville
32.4%
Red Bluff
32.4%
Oroville
29.4%
Willow Creek
29.4%
Alturas
26.5%
Arcata
26.5%
% Correct
Eureka
26.5%
Orland
23.5%
Weitchpec
23.5%
McKinleyville
23.5%
Old Station
20.6%
Willows
20.6%
Canby
20.6%
Alton
20.6%
Adin
17.6%
Tulelake
17.6%
Fernbridge
17.6%
Longvale
17.6%
Piercy
17.6%
Myers Flat
17.6%
Fort Dick
17.6%
Klamath
14.7%

You're not logged in!

Compare scores with friends on all Sporcle quizzes.
Join for Free
OR
Log In

You Might Also Like...

Show Comments

Extras

Top Quizzes Today


Score Distribution

Your Account Isn't Verified!

In order to create a playlist on Sporcle, you need to verify the email address you used during registration. Go to your Sporcle Settings to finish the process.

Report this User

Report this user for behavior that violates our Community Guidelines.

Details: